Introduction to digital systems
| Main Author: | |
|---|---|
| Other Authors: | |
| Format: | Book |
| Published: |
New York :
McGraw-Hill ,
1993
|
| Subjects: |
MARC
| LEADER | 00000cam a2200000 7i4500 | ||
|---|---|---|---|
| 001 | 0000010600 | ||
| 005 | 20050616.0 | ||
| 020 | |a 0070484392 | ||
| 040 | |a INS | ||
| 090 | 0 | 0 | |a TK7868 |b D5P35 1993 |
| 100 | 1 | |a Palmer, James | |
| 245 | 1 | 0 | |a Introduction to digital systems |c James Palmer |
| 260 | |a New York : |b McGraw-Hill , |c 1993 | ||
| 300 | |a iv : |b 395 ; |c 28cm. | ||
| 650 | 0 | 0 | |a Digital electronics |
| 650 | 0 | 0 | |a Logic circuits |
| 700 | 1 | |a Perlman, David | |
| 999 | |a 0000009774 |b BOOK |c Open Shelf |e Default branch | ||